书目信息 |
| 题名: |
3ds max 8 & VRay家居渲染实例详解
|
|
| 作者: | 刘正旭 , 李斌 编著 | |
| 分册: | ||
| 出版信息: | 北京 中国青年出版社 2007 |
|
| 页数: | 259页 | |
| 开本: | 26cm | |
| 丛书名: | ||
| 单 册: | ||
| 中图分类: | TU241-39 , TU238-39 | |
| 科图分类: | ||
| 主题词: | 住宅--三维--室内设计--计算机辅助设计 , 建筑设计 | |
| 电子资源: | ||
| ISBN: | 978-7-5006-7095-7 | |
| 000 | 01059nam0 2200277 450 | |
| 001 | 0709000087 | |
| 005 | 20070531085954.78 | |
| 010 | @a978-7-5006-7095-7@dCNY49.90@z7500670958 | |
| 100 | @a20060606d2007 ekmy0chiy0110 ea | |
| 101 | 0 | @achi |
| 102 | @aCN@b110000 | |
| 105 | @aa z 000yy | |
| 200 | 1 | @a3ds max 8 & VRay家居渲染实例详解@A3ds max 8 & VRay jia ju xuan ran shi li xiang jie@f刘正旭, 李斌编著 |
| 210 | @a北京@c中国青年出版社@d2007 | |
| 215 | @a259页@c图@d26cm@e附光盘一片 | |
| 305 | @a与中国青年电子出版社合作出版 | |
| 307 | @a附光盘:ISBN 978-7-900219-28-2 | |
| 330 | @a本书以5个效果图的经典范例详尽地讲述了使用3ds Max和VRay渲染器进行效果图前后期渲染的全部过程,内容不仅涉及利用常规方法建模、布光、赋材质及渲染等各个环节,并针对VRay渲染器的使用方法作了全面的讲解。 | |
| 606 | 0 | @a住宅@x三维@x室内设计@x计算机辅助设计 |
| 606 | 0 | @a建筑设计 |
| 690 | @aTU241-39@v4 | |
| 690 | @aTU238-39@v3 | |
| 701 | 0 | @a刘正旭@Aliu zheng xu@4编著 |
| 701 | 0 | @a李斌@Ali bin@4编著 |
| 801 | 0 | @aCN@bTAOJIN@c20070531 |
| 905 | @a10447@dTU238-39@e362 | |
| 3ds max 8 & VRay家居渲染实例详解/刘正旭, 李斌编著.-北京:中国青年出版社,2007 |
| 259页:图;26cm+附光盘一片 |
| ISBN 978-7-5006-7095-7:CNY49.90 |
| 本书以5个效果图的经典范例详尽地讲述了使用3ds Max和VRay渲染器进行效果图前后期渲染的全部过程,内容不仅涉及利用常规方法建模、布光、赋材质及渲染等各个环节,并针对VRay渲染器的使用方法作了全面的讲解。 |
| ● |
| 相关链接 |
|
|
|
|
正题名:3ds max 8 & VRay家居渲染实例详解
索取号:TU238-39/362
 
预约/预借
| 序号 | 登录号 | 条形码 | 馆藏地/架位号 | 状态 | 备注 |
| 1 | 0523684 | 205236840 | 第二样本阅览室/ [索取号:TU238-39/362] | 在馆 | |
| 2 | 0523685 | 205236859 | 第三借阅区/ [索取号:TU238-39/362] | 在馆 | |
| 3 | 0523686 | 205236868 | 第三借阅区/ [索取号:TU238-39/362] | 在馆 | |
| 4 | 0523687 | 205236877 | 第三借阅区/ [索取号:TU238-39/362] | 在馆 |
本书有关联资源:
1 .光盘 /ISO :3ds max 8 & VRay家居渲染实例详解 /刘正旭, 李斌编著
下载